Tratado general de los sacramentos
I tiakina i:
| Kaituhi matua: | |
|---|---|
| Hōputu: | Pukapuka |
| Reo: | Pāniora |
| I whakaputaina: |
Madrid
Biblioteca de Autores Cristianos
1994
|
| Rangatū: | Sapientia Fidei. Serie de Manuales de Teología, 14
|
| Ngā marau: | |
| Ngā Tūtohu: |
Tāpirihia he Tūtohu
Kāore He Tūtohu, Me noho koe te mea tuatahi ki te tūtohu i tēnei pūkete!
|
MARC
| LEADER | 00000nam a2200000 a 4500 | ||
|---|---|---|---|
| 001 | UCL6587 | ||
| 003 | CL-VaPUC | ||
| 008 | 040416e19940000SP |||||||||||||||||spa|d | ||
| 020 | |a 8479141298 | ||
| 082 | 0 | 4 | |a 234.16 |b ARN |2 21 |
| 100 | 0 | |a Arnau-García, Ramón |e author |9 484200 | |
| 245 | 1 | 0 | |a Tratado general de los sacramentos |
| 300 | |a 372 p | ||
| 942 | |c BK | ||
| 945 | |d 20040416 00:00:00 |a cmena | ||
| 260 | |a Madrid |b Biblioteca de Autores Cristianos |c 1994 | ||
| 650 | 0 | |a Sacramentos |9 257270 | |
| 650 | 0 | |a Teología cristiana |9 308336 | |
| 650 | 7 | |a GRACIA |2 CL-VaPUC |9 315234 | |
| 583 | |a last modification |c 20040416 00:00:00 |k Rodrigo Vera | ||
| 490 | 0 | |a Sapientia Fidei. Serie de Manuales de Teología, 14 | |
| 999 | |c 308589 |d 308587 | ||
| 952 | |0 0 |1 0 |4 0 |6 234_160000000000000_ARN_1994 |7 0 |8 A |9 375210 |a BIBTEO |b BIBTEO |d 2019-11-21 |i 4004612 |o 234.16 ARN 1994 |p 4004612 |r 2025-01-17 |w 2019-11-21 |y BK |k ICR | ||
| 952 | |0 0 |1 0 |4 0 |6 234_160000000000000_ARN_1994 |7 0 |8 A |9 375211 |a BIBTEO |b BIBTEO |d 2019-11-21 |i 427279K |o 234.16 ARN 1994 |p 427279K |r 2025-01-17 |w 2019-11-21 |y BK |k ICR | ||
| 952 | |0 0 |1 0 |4 0 |6 234_160000000000000_ARN_1994 |7 0 |8 A |9 375212 |a BIBTEO |b BIBTEO |d 2019-11-21 |i 4272803 |o 234.16 ARN 1994 |p 4272803 |r 2025-01-17 |w 2019-11-21 |y BK |k ICR | ||